000 01114cab a2200241 4500
001 E90822
008 090401t1998 xxu||||| |||| 00| 0 eng d
035 _a(Sirsi) u85293
041 _aeng
245 _aMacDonald`s Trustees v Cunningham
260 _c1998
350 _a0
490 _aScots Law Times
_v1998 SLT(Sh Ct) 13-15(4)
520 _aSheriff Court of Lothian and Borders at Haddington. 7 August 1997. Landlord and tenant - lease - irritancy - tenant remaining in occupation after notice of irritancy - landlords accepting rent after notice of irritancy - payment of rent by company employing tenant - whether landlords waiving right to terminate lease. Bankruptcy - sequestration - vesting of estate - debtor a tenant under lease - landlords serving notice of irritancy and seeking to remove tenant - whether debtor entitled to pleaad waiver.
650 _aBANKRUPTCY
650 _aBUSINESS TENANCIES
650 _aCOMMERCIAL LEASES
650 _aIRRITANCY NOTICES
650 _aSCOTLAND
690 _aLANDLORD AND TENANT-CASE LAW-BUSINESS TENANCIES
942 _n0
948 _c30/03/1998
999 _c53626
_d53626